Horror Movies by Picture - Statistics

General Stats
  • This quiz has been taken 55,120 times
  • The average score is 13 of 20
Answer Stats
Picture Answer % Correct
It
98%
Scream
95%
Child's Play
92%
The Shining
90%
Alien
84%
A Nightmare on Elm Street
80%
Halloween
80%
The Texas Chainsaw Massacre
73%
The Silence of the Lambs
70%
Friday the 13th
68%
Psycho
68%
The Exorcist
68%
The Ring
68%
Carrie
65%
The Blair Witch Project
57%
Hellraiser
47%
Misery
39%
28 Days Later
37%
Children of the Corn
35%
Let the Right One In
8%
No matching quizzes found
Score Distribution
Percent of People with Each Score
Percentile by Number Answered
Your Score History
You have not taken this quiz